Tilastot visalle Marokko-visa

Klikkaa tästä pelataksesi tätä visaa!

Yleistilastot

  • Tätä visaa on pelattu 212 kertaa
  • Keskiarvotulos 12 / 19

Vastaustilastot

VihjeVastaus% Oikein
Viralliset kieletArabia
94%
Marokon afrikkalaiset naapurimaatAlgeria
93%
Vanhanaikainen käsite Espanjan vallanneille pohjoisafrikkalaisilleMaurit
90%
Marokon afrikkalaiset naapurimaatMauritania
89%
PääkaupunkiRabat
87%
Vieras kieli, jota arviolta 35 % marokkolaisista puhuuRanska
83%
Väkirikkain kaupunkiCasablanca
81%
Salmi Marokon ja Espanjan välissä{Gibraltarin}salmi
78%
Läheinen Espanjan saaristoKanariansaaret
73%
Marokon vaatima alue, jota jotkut pitävät valtionaLänsi-Sahara
73%
Suurimmat vuoristot (nimeä jompi kumpi)Atlas / Rif
61%
Marokon pohjoisin kaupunki, joka oli aiemmin kansainvälinen vyöhykeTanger
52%
Viralliset kieletBerberi
51%
Marokon kansallisruoka, joka koostuu pienistä vehnäpalloistaKuskus
46%
Nimeä yksi Espanjan Marokon rajalla sijaitsevista eksklaaveistaCeuta / Melilla
43%
Kaupunki, jonka mukaan punainen tupsuhattu on nimettyFès
43%
Pohjois-Afrikan alue, johon Marokko kuuluuMaghreb
41%
Kansalliseläin, joka on kuollut sukupuuttoonBarbari{leijona}
35%
Muinainen merenkulkijakansa, joka kolonisoi Marokon 1000 vuotta ennen ajanlaskun alkuaFoinikialaiset
32%

Tulosjakauma

Persentiili vastausten määrän mukaan

Jokaisen tuloksen saaneiden osuus

Tuloshistoriasi

Et ole pelannut tätä visaa